LDR 00699naa#a2200181#i#450# 001 EN\INFRA-M\bibl\116512 005 20260607092748.7 011 ## _a2500-0543 100 ## _a20260401b2026####ek#y0engy0150####ca 102 ## _aRU 200 1# _aValue-motivational sphere of students of secondary vocational educational institutions: a modern view _eJournal article 210 1# _aMoscow _cINFRA-M Academic Publishing LLC. _d2026 215 ## _a11 с. 608 ## _aJournal article _2local 675 ## _aНародное образование. Воспитание. Обучение. Организация досуга. 37 _z 700 #1 _aGrunina _gOlga Anatolyevna 700 #1 _aTkachenko _gLyudmila Borisovna 856 4# _azh-szf.ru _u